000 00295nam a2200109Ia 4500
008 171211s9999 xx 000 0 und d
245 _aClassical Drawing Atelier
245 _cJuliette Aristides
260 _c2006
650 _xDrawing
856 _uhttp://down.ebook777.com/008/9780823006571.rar
999 _c348000
_d348000